Detalles MARC
| 000 -CABECERA |
| campo de control de longitud fija |
01005cam a2200265 a 4500 |
| 001 - NÚMERO DE CONTROL |
| campo de control |
000001458 |
| 005 - FECHA Y HORA DE LA ÚLTIMA TRANSACCIÓN |
| campo de control |
20200929145602.0 |
| 008 - DATOS DE LONGITUD FIJA--INFORMACIÓN GENERAL |
| campo de control de longitud fija |
730427s1974 moua b 001 0 eng |
| 020 ## - NÚMERO INTERNACIONAL ESTÁNDAR DEL LIBRO |
| Número Internacional Estándar del Libro |
0801605075 |
| 040 ## - FUENTE DE LA CATALOGACIÓN |
| Centro catalogador/agencia de origen |
DO-SdBNP |
| Centro/agencia transcriptor |
DLC |
| Centro/agencia modificador |
DLC |
| 082 ## - NÚMERO DE LA CLASIFICACIÓN DECIMAL DEWEY |
| Número de clasificación |
616.0756 |
| Número de documento/Ítem |
B344c, 1974 |
| 100 1# - ENTRADA PRINCIPAL--NOMBRE DE PERSONA |
| Nombre de persona |
Bauer, John D. |
| 9 (RLIN) |
4836 |
| 245 10 - MENCIÓN DE TÍTULO |
| Título |
Clinical laboratory methods / |
| Mención de responsabilidad, etc. |
John D. Bauer, Philip G. Ackermann y Gelson Toro. |
| 250 ## - MENCIÓN DE EDICIÓN |
| Mención de edición |
8a ed. |
| 260 ## - PUBLICACIÓN, DISTRIBUCIÓN, ETC. |
| Lugar de publicación, distribución, etc. |
Saint Louis : |
| Nombre del editor, distribuidor, etc. |
Mosby, |
| Fecha de publicación, distribución, etc. |
1974. |
| 300 ## - DESCRIPCIÓN FÍSICA |
| Extensión |
x, 947 p. : |
| Otras características físicas |
il. ; |
| Dimensiones |
26 cm. |
| 500 ## - NOTA GENERAL |
| Nota general |
Primera ed. por WE Bray publicado en 1936 bajo el título: Sinopsis de los métodos de laboratorio clínico. |
| 504 ## - NOTA DE BIBLIOGRAFÍA, ETC. |
| Nota de bibliografía, etc. |
Incluye referencias bibliográficas |
| 650 #4 - PUNTO DE ACCESO ADICIONAL DE MATERIA--TÉRMINO DE MATERIA |
| Término de materia o nombre geográfico como elemento de entrada |
Diagnóstico de laboratorio |
| 9 (RLIN) |
4837 |
| 700 1# - PUNTO DE ACCESO ADICIONAL--NOMBRE DE PERSONA |
| Nombre de persona |
Ackermann, Philip Gulick, |
| Fechas asociadas al nombre |
1909- |
| 9 (RLIN) |
4838 |
| 700 1# - PUNTO DE ACCESO ADICIONAL--NOMBRE DE PERSONA |
| Nombre de persona |
Toro, Gelson, |
| Término indicativo de función/relación |
joint author. |
| 9 (RLIN) |
4839 |
| 700 1# - PUNTO DE ACCESO ADICIONAL--NOMBRE DE PERSONA |
| Nombre de persona |
Bray, William Edward, |
| Fechas asociadas al nombre |
1882-1959. |
| Título de la obra |
Sinopsis de los métodos de laboratorio clínico |
| 9 (RLIN) |
4840 |
| 910 ## - DATOS DE OPCIÓN DEL USUARIO (OCLC) |
| Datos de opción del usuario |
Catalogación por copia / LC |
| 910 ## - DATOS DE OPCIÓN DEL USUARIO (OCLC) |
| Datos de opción del usuario |
DC |